Bharatbarshar charkari niti/ (Record no. 11907)

MARC details
000 -LEADER
fixed length control field 00625nam a22002297a 4500
005 - DATE AND TIME OF LATEST TRANSACTION
control field 20240830063004.0
008 - FIXED-LENGTH DATA ELEMENTS--GENERAL INFORMATION
fixed length control field 240830b |||||||| |||| 00| 0 eng d
020 ## - INTERNATIONAL STANDARD BOOK NUMBER
International Standard Book Number 9789358497915
040 ## - CATALOGING SOURCE
Original cataloging agency IN-DiNC
Transcribing agency IN-DiNC
041 ## - LANGUAGE CODE
Language code of sung or spoken text Assamese
082 ## - DEWEY DECIMAL CLASSIFICATION NUMBER
Classification number 320.6
Item number BHA
245 ## - TITLE STATEMENT
Title Bharatbarshar charkari niti/
Statement of responsibility, etc. by Mridul Dutta and others
250 ## - EDITION STATEMENT
Edition statement 1st ed.
260 ## - PUBLICATION, DISTRIBUTION, ETC.
Place of publication, distribution, etc. Dibrugarh:
Name of publisher, distributor, etc. Banalata,
Date of publication, distribution, etc. 2024.
300 ## - PHYSICAL DESCRIPTION
Extent 166p.
650 ## - SUBJECT ADDED ENTRY--TOPICAL TERM
Topical term or geographic name entry element Public policy in India
700 ## - ADDED ENTRY--PERSONAL NAME
Personal name Dutta, Mridul
Relator term Author
700 ## - ADDED ENTRY--PERSONAL NAME
Personal name Baruah, Arun
Relator term Author
700 ## - ADDED ENTRY--PERSONAL NAME
Personal name Boro, Monika
Relator term Author
700 ## - ADDED ENTRY--PERSONAL NAME
Personal name Baruah, Akashi
Relator term Author
942 ## - ADDED ENTRY ELEMENTS (KOHA)
Source of classification or shelving scheme Dewey Decimal Classification
Koha item type Books
Holdings
Withdrawn status Lost status Source of classification or shelving scheme Damaged status Not for loan Collection code Home library Current library Shelving location Date acquired Cost, normal purchase price Total Checkouts Full call number Barcode Date last seen Copy number Price effective from Koha item type Date last checked out
    Dewey Decimal Classification     Political Science Central Library, Naharkatiya College Central Library, Naharkatiya College General Stacks 30/08/2024 150.00   320.6 BHA 30082 30/08/2024 1 30/08/2024 Books  
    Dewey Decimal Classification     Political Science Central Library, Naharkatiya College Central Library, Naharkatiya College General Stacks 30/08/2024 150.00 3 320.6 BHA 30083 16/11/2024 2 30/08/2024 Books 22/10/2024
    Dewey Decimal Classification     Political Science Central Library, Naharkatiya College Central Library, Naharkatiya College General Stacks 30/08/2024 150.00 2 320.6 BHA 30084 16/12/2024 3 30/08/2024 Books 23/11/2024
    Dewey Decimal Classification     Political Science Central Library, Naharkatiya College Central Library, Naharkatiya College General Stacks 30/08/2024 150.00 3 320.6 BHA 30085 16/12/2024 4 30/08/2024 Books 26/11/2024
    Dewey Decimal Classification     Political Science Central Library, Naharkatiya College Central Library, Naharkatiya College General Stacks 30/08/2024 150.00 2 320.6 BHA 30086 16/12/2024 5 30/08/2024 Books 09/11/2024

Naharkatiya College © 2020. All rights reserved.

Powered By